000 00914nam a22002417a 4500
001 41513
003 BD-RjUL
005 20211209053414.0
008 160531s1962 bg ||||| |||| 00| 0 ben d
020 _c: PRs 7.75
035 _a(BD-RjUL)41631
040 _aBD-RjUL
_bben
_cBD-RjUL
041 _aben
082 _223
_a295
_bNIJ 1962
100 _aনীটশে, ফ্রেডরিক
_9127573
245 1 0 _aজরথুস্ত্র বললেম /
_cফ্রেডরিক নীটশে ; মহীউদ্দীন অনূদিত
260 _aঢাকা :
_bবাংলা একাডেমী,
_c১৯৬২
300 _a[২০], ৩৫৪ পৃ. ;
_c২৫ সেমি.
650 _aZoroastrianism
_9123174
650 _aজরথুস্ট্রপন্থা
_9127574
700 _aমহীউদ্দীন অনূবাদ
_9125158
942 _2ddc
_cBK
999 _c41513
_d41513